[Event "Pan American-ch U16"]
[Site "Guayaquil"]
[Date "2019.07.24"]
[Round "6"]
[White "Pardo Chrem, Mariano"]
[Black "Castillo Gonzalez, Thomas Davis"]
[Result "1/2-1/2"]
[WhiteElo "1667"]
[BlackElo "1734"]
[PlyCount "45"]
[EventDate "2019.07.21"]
[EventType "swiss"]
[EventRounds "9"]
[EventCountry "ECU"]
[SourceTitle "EXT 2020"]
[Source "ChessBase"]
[SourceDate "2019.10.17"]
[SourceVersion "1"]
[SourceVersionDate "2019.10.17"]
[SourceQuality "1"]

1. e4 Nf6 2. e5 Nd5 3. Nc3 Nxc3 4. bxc3 d6 5. f4 g6 6. Nf3 Bg7 7. d4 0-0 8. Bd3 c5 9. 0-0 Bg4 10. Rb1 Qc7 11. h3 Bxf3 12. Qxf3 Nc6 13. Be3 b6 14. h4 Rac8 15. Be4 cxd4 16. cxd4 Na5 17. h5 e6 18. hxg6 hxg6 19. Bd2 Nc4 20. Bb4 a5 21. Be1 Rfd8 22. Bd3 Na3 23. Rb2 1/2-1/2

[Event "Lima Surco op 4th"]
[Site "Lima"]
[Date "2017.10.21"]
[Round "3"]
[White "Varillas Jimenes, Ivan"]
[Black "Pardo Chrem, Mariano"]
[Result "0-1"]
[WhiteElo "1448"]
[BlackElo "1633"]
[PlyCount "43"]
[EventDate "2017.10.15"]
[EventType "swiss"]
[EventRounds "7"]
[EventCountry "PER"]
[SourceTitle "EXT 2019"]
[Source "ChessBase"]
[SourceDate "2018.10.10"]
[SourceVersion "1"]
[SourceVersionDate "2018.10.10"]
[SourceQuality "1"]

1. e4 c5 2. Nf3 e6 3. d4 cxd4 4. Nxd4 Nf6 5. Nc3 Nc6 6. g3 Be7 7. Bg2 0-0 8. 0-0 h6 9. Kh1 Bc5 10. Nb3 Bb6 11. Bf4 e5 12. Bc1 d6 13. h3 Be6 14. f4 Bc4 15. Rf3 Nd4 16. Rd3 Bxd3 17. Qxd3 Nxb3 18. axb3 Qe7 19. f5 Rfd8 20. g4 Nd7 21. Qg3 f6 22. h4 0-1